Statistics for South American Leaders

Click here to take the quiz!

General Stats

  • This quiz has been taken 14 times
  • The average score is 4 of 12

Answer Stats

Country They LeadType of LeaderLeader% Correct
VenezuelaPresidentNicolás Maduro
91%
BoliviaPresidentEvo Morales
73%
ArgentinaPresidentMauricio Macri
45%
ChilePresidentSebastián Piñera
45%
EcuadorPresidentLenín Moreno
36%
BrazilPresidentMichel Temer
27%
SurinamePresidentDési Bouterse
18%
ColombiaPresidentIván Duque Márquez
18%
PeruPresidentMartín Vizcarra
9%
GuyanaPresidentDavid A. Granger
0%
ParaguayPresidentHoracio Cartes
0%
UruguayPresidentTabaré Vázquez
0%

Score Distribution

Percentile by Number Answered

Percent of People with Each Score

Your Score History

You have not taken this quiz